UBT Library

Handbook of industrial robotics / (Record no. 39506)

000 -LEADER
fixed length control field 00614pam a2200217 a 4500
001 - CONTROL NUMBER
control field 1897033
005 - DATE AND TIME OF LATEST TRANSACTION
control field 20171228033449.0
008 - FIXED-LENGTH DATA ELEMENTS--GENERAL INFORMATION
fixed length control field 840912s1985 nyua b 001 0 eng
010 ## - LIBRARY OF CONGRESS CONTROL NUMBER
LC control number 84020969
020 ## - INTERNATIONAL STANDARD BOOK NUMBER
International Standard Book Number 0471896845 :
Terms of availability $69.95
040 ## - CATALOGING SOURCE
Original cataloging agency DLC
Transcribing agency DLC
Modifying agency DLC
041 ## - LANGUAGE CODE
Language code of text/sound track or separate title eng
080 ## - UNIVERSAL DECIMAL CLASSIFICATION NUMBER
Universal Decimal Classification number 629.892 NOF
082 00 - DEWEY DECIMAL CLASSIFICATION NUMBER
Classification number 629.892 NOF
Edition number 19
100 ## - Rafti
Rafti 27
101 ## - Shkurtesa
Shkurtesa ENG
245 00 - TITLE STATEMENT
Title Handbook of industrial robotics /
Statement of responsibility, etc Shimon Y. Nof, editor ; with a foreword by Isaac Asimov.
504 ## - BIBLIOGRAPHY, ETC. NOTE
Bibliography, etc Includes bibliographies and index.
906 ## - LOCAL DATA ELEMENT F, LDF (RLIN)
a 7
b cbc
c orignew
d 1
e ocip
f 19
g y-gencatlg
942 ## - ADDED ENTRY ELEMENTS (KOHA)
Source of classification or shelving scheme
Item type Books
Holdings
Withdrawn status Lost status Source of classification or shelving scheme Damaged status Not for loan Collection code Permanent location Current location Shelving location Date acquired Total Checkouts Full call number Barcode Date last seen Price effective from Koha item type
          Koleksioni i përgjithshem UBT - Lipjan UBT - Lipjan Koleksioni i përgjithshem 12/28/2017   629.892 NOF 002-2994119 12/28/2017 12/28/2017 Books
UBT Library © 2015-2024. All rights reserved University Education for Business and Technology